LEADER 00883cam0-22003251i-450- 001 990000856420403321 005 20060131165636.0 010 $a0-85626-004-5 035 $a000085642 035 $aFED01000085642 035 $a(Aleph)000085642FED01 035 $a000085642 100 $a20020821d1974----km-y0itay50------ba 101 1 $aeng 102 $aGB 105 $ay-------001yy 200 1 $aMathematics for engineers$fL. J. Nicolescu, M. I. Soka 210 $aTunbridge Wells$cAbacus Press$d1974 215 $a2 v.$d21 cm 676 $a512 700 1$aNicolescu,$bLilly Jeanne$042247 701 1$aStoka,$bMarius$038136 801 0$aIT$bUNINA$gRICA$2UNIMARC 901 $aBK 912 $a990000856420403321 952 $a02 6 B 34$b3506$fFINBN 952 $a02 6 B 33$b3504$fFINBN 959 $aFINBN 996 $aMathematics for engineers$9349447 997 $aUNINA